Τα ποιήματα
Αποθηκεύτηκε σε:
| Κύριος συγγραφέας: | |
|---|---|
| Μορφή: | Βιβλίο |
| Γλώσσα: | Greek |
| Δημοσίευση: |
[Αθήνα;] :
Τρία Φύλλα,
[1981-]
|
| Θέματα: | |
| Ετικέτες: |
Προσθήκη ετικέτας
Δεν υπάρχουν, Καταχωρήστε ετικέτα πρώτοι!
|
MARC
| LEADER | 00000cam a2200000 i 4500 | ||
|---|---|---|---|
| 001 | 1/95959 | ||
| 008 | 081023m19819999gr | ||| |||| ||gre|| | ||
| 035 | |l 10101115 | ||
| 040 | |a GR-MY-UA |b gre |e aacr | ||
| 041 | 0 | |a gre | |
| 082 | 0 | |a 889.13 |2 (22) | |
| 100 | 1 | |a Βρεττάκος, Νικηφόρος Κ., |d 1912-1991. | |
| 245 | 1 | 3 | |a Τα ποιήματα / |c Νικηφόρου Βρεττάκου |
| 260 | |a [Αθήνα;] : |b Τρία Φύλλα, |c [1981-] | ||
| 300 | |a 2 τ.; |c 24 εκ. | ||
| 500 | |a "Με ένα χαρακτικό της Βάσως Κατράκη" | ||
| 650 | 0 | 0 | |a Greek poetry, Modern |y 20th century. |
| 650 | 0 | 0 | |a Poets, Greek (Modern) |y 20th century. |
| 852 | |a INST |b RHODES |c AKA |e 20081023 |h 889.13 ΒΡΕ |p 005400031204 |q 005400031204 |t BK |v τ.2: |y 0 |z τ.2 | ||
| 853 | |a INST |b RHODES |c AKA |h 889.13 ΒΡΕ | ||
| 901 | |a BIBL4-2008-3 | ||
| 909 | |a Ρ |b 153457 | ||
| 970 | |a ΧΑΡΙΟΠΟΛΙΤΟΥ |b ΚΩΝΣΤΑΝΤΙΝΑ |z 2008/10/23 | ||